| 000 | 00949nam a2200277 i 4500 | ||
|---|---|---|---|
| 003 | DO-SdBNP | ||
| 005 | 20260513100002.0 | ||
| 006 | a||||gr|||| 00| 0 | ||
| 007 | ta | ||
| 008 | 240515t2023 dr ac||| |||| 00| 0 spa d | ||
| 020 | _a97899945186765 | ||
| 040 |
_aDO-SdBNP _bspa _cBNPHU _erda |
||
| 082 | 4 |
_222 _bC232c |
|
| 245 | 0 | 0 |
_aUn canto a Palestina / _cEditor, Jaime Meléndez |
| 264 | 4 |
_aSanto Domingo : _bColectivo Poetas en la Cafetería, _c©2023 |
|
| 300 |
_a52 páginas : _bilustraciones, retratos ; _c20 cm. |
||
| 336 |
_2rdacontent _atexto _btxt |
||
| 337 |
_2rdamedia _asin mediación _bnc |
||
| 338 |
_2rdacarrier _avolulmen _bnc |
||
| 500 | _aAntología volumen III. 4ta Feria del Libro y Fiesta de Palabra. | ||
| 590 | _aInventariado 2024 / MF | ||
| 650 | 4 |
_aLiteratura dominicana. _967 _xPoesía |
|
| 650 | 0 |
_aAntología poética _zRepública Dominicana _949370 |
|
| 700 | 1 |
_aMeléndez, Jaime, _972390 _eaeditor |
|
| 942 |
_2ddc _cLBS1 |
||
| 999 |
_c56669 _d56669 |
||